000 00484nam a2200193Ia 4500
005 20230325093952.0
008 131103s9999 xx 000 0 und d
020 _a520006410
040 _aLoreto College
041 _aEnglish
082 _a822.91
_bBEC
100 _aKenner, Hugh
245 _aSamuel Beckett
_cHugh Kenner
260 _aLondon
_bUniversity of California Press
_c1973
300 _a225p.
650 _aEnglish play-criticism
850 _aLCLIB
942 _cBK
999 _c21968
_d72447